| 000 | 00857nmm a2200265 a 4500 | ||
|---|---|---|---|
| 001 | ocm000785915 | ||
| 003 | TR-IsHL | ||
| 005 | 20201028143646.0 | ||
| 008 | 140420s2013 tu eng | ||
| 007 | cr cn | ||
| 020 | _a9781304560643 | ||
| 035 |
_a785915 _b(N$T) |
||
| 050 | 0 | 4 |
_aBS2095 _b.K56 2013 |
| 090 | 0 | 4 |
_aBS2095 _b.K56 2013 |
| 100 | 1 | _aKing, James | |
| 245 | 1 | 0 |
_aKing James version of Bible: old & new testaments _h[electronic resource] / _cJames King |
| 260 |
_aİstanbul : _bE-Kitap Projesi, _c2013 |
||
| 300 | _a1714 p. | ||
| 650 | 4 | _aFelsefe, Psikoloji ve Din | |
| 650 | 4 | _aPhilosophy, Psychology and Religion | |
| 650 | 0 | _aİncil | |
| 650 | 0 | _aBible | |
| 650 | 7 |
_aRELIGION / Biblical Studies / Bible Study Guides _2bisacsh |
|
| 856 | 4 | 0 | _uhttp://search.ebscohost.com/login.aspx?direct=true&scope=site&db=e011xww&AN=785915 |
| 999 |
_c9018 _d9018 |
||